000 00897nam a2200229 a 4500
999 _c7554
_d7554
001 7554
003 BD-JhCC
005 20180227114442.0
008 180211s1993 bg |||| |||| 000 0 ben d
035 _a(BD-JhCC)
040 _aBD-JhCC
_dBD-JhCC
041 _aben
082 _a586
_bROY 1993
100 _aরায়, ড. শ্যামল কুমার
245 _aঅপুষ্পক উদ্ভিদবিজ্ঞান /
_cড. শ্যামল কুমার রায়, নিশীথ কুমার পাল এবং মোস্তফা কামাল পাশা
260 _aঢাকা:
_bবাংলা একাডেমী,
_c১৯৯৩
300 _a377 p;,
_c26 cm
650 _aCryptographic
_vBotany
700 _aপাল, নিশীথ কুমার
700 _aপাশা, মোস্তফা কামাল
942 _2ddc
_cBK